Ingmar Bergman /

Gespeichert in:
Bibliographische Detailangaben
1. Verfasser: Ranieri, Tino (Verfasst von)
Format: Buch
Sprache:Italienisch
Veröffentlicht: Firenze : La nuova Italia, 1974
Schriftenreihe:Il castoro cinema ; 12
Schlagworte:
Tags: Tag hinzufügen
Keine Tags, Fügen Sie das erste Tag hinzu!

MARC

LEADER 00000nam a22000007i 4500
001 IT\ICCU\SBL\0569488
003 ItRI
005 20260115232354.0
008 910930s1974 it |||||| ||||| |||||c
015 |2 IT  |a 754296 
040 |b ita  |c importazione bologna sebina 
041 7 |a ita  |2 ISO-639-2 
082 |a 791.43  |9 CINEMATOGRAFO  |2 17 
082 |a 791.43  |9 CINEMATOGRAFO  |2 18 
100 1 |a Ranieri, Tino  |0 IT\ICCU\CFIV\031087  |4 aut 
240 1 0 |a Ingmar Bergman.  |3 IT\ICCU\VIA\0406288  |9 Ranieri, Tino 
245 1 0 |a Ingmar Bergman /  |c di Tino Ranieri. 
246 1 3 |a Bergman.  |9 IT\ICCU\RAV\0168757 
260 |a Firenze :  |b La nuova Italia,  |c 1974 
300 |a 121 p. ;  |c 17 cm 
500 |a Titolo del dorso  |0 IT\ICCU\RAV\0168757 
650 7 |a Bergman, Ingmar 
830 3 |a Il castoro cinema ;  |v 12  |0 IT\ICCU\CFI\0002355 
942 |2 ddc  |c BK  |n 0 
952 |0 0  |1 0  |4 0  |6 DOC_791_430000000000000_BER  |7 0  |9 24978  |a BO  |b BO  |d 2026-01-15  |i 14110  |l 0  |o DOC 791.430 BER  |p BO14110  |r 2026-01-15 23:23:54  |w 2026-01-15  |x [Sebina 5] [1 v.]  |y BK  |z 1 v. 
999 |c 21223  |d 21223